| 000 | 00404nam a22001577a 4500 | ||
|---|---|---|---|
| 005 | 20250117164423.0 | ||
| 008 | 250117b |||||||| |||| 00| 0 eng d | ||
| 020 | _a978-1-56052-119-8 | ||
| 050 |
_aHF 5438.4 .C493 1992 _bC.1 |
||
| 100 | _aCHAPMAN ELWOOD N. | ||
| 245 | _aSALES TRAINING BASICS | ||
| 250 | _aTHIRD EDITION | ||
| 260 |
_aUSA _bAXZO PRESS _c1992 |
||
| 300 | _aV, 72P. | ||
| 942 |
_2lcc _cBK |
||
| 999 |
_c214484 _d214484 |
||